000 00533nam a2200217Ia 4500
003 OSt
005 20220926040104.0
006 a|||||r|||| 00| 0
007 ta
008 220923b |||||||| |||| 00| 0 eng d
037 _cGeneral Book
040 _aRTL
_cRTL
_beng
041 _2eng
_aeng
082 _aX:76-75, H5
100 _aBhargava R N
245 0 _aPrice control and rationing.
260 _c1945
650 _aEconomics
942 _hX:76-75, H5
_cGB
_2CC
999 _c663822
_d663822